000 00213 a2200097 4500
020 _a9789355511522
100 _aGupta R.
_9108128
245 _aDigital Marketing
250 _a2nd
260 _bBPB Publications
_c2023
999 _c365425
_d365425